Fundamental methods of mathematical economics / (Record no. 1512)
[ view plain ]
| 000 -LEADER | |
|---|---|
| fixed length control field | 00930nac a22002291u 4500 |
| 008 - FIXED-LENGTH DATA ELEMENTS--GENERAL INFORMATION | |
| fixed length control field | 120111t2005 -us|||||r|||| 001 0 eng d |
| 010 ## - LIBRARY OF CONGRESS CONTROL NUMBER | |
| LC control number | 2004059546 |
| 020 ## - INTERNATIONAL STANDARD BOOK NUMBER | |
| International Standard Book Number | 0070109109 (alk. paper) |
| 020 ## - INTERNATIONAL STANDARD BOOK NUMBER | |
| International Standard Book Number | 9780071238236 |
| 082 00 - DEWEY DECIMAL CLASSIFICATION NUMBER | |
| Classification number | 330.0151 |
| Item number | CHI |
| Edition number | 22 |
| 100 ## - MAIN ENTRY--PERSONAL NAME | |
| Personal name | Chiang, Alpha C., |
| 9 (RLIN) | 28310 |
| 245 10 - TITLE STATEMENT | |
| Title | Fundamental methods of mathematical economics / |
| Statement of responsibility, etc | Alpha C. Chiang, Kevin Wainwright. |
| 250 ## - EDITION STATEMENT | |
| Edition statement | 4th ed. |
| 260 ## - PUBLICATION, DISTRIBUTION, ETC. (IMPRINT) | |
| Place of publication, distribution, etc | Boston, Mass. : |
| Name of publisher, distributor, etc | McGraw-Hill/Irwin, |
| Date of publication, distribution, etc | c2005. |
| 300 ## - PHYSICAL DESCRIPTION | |
| Extent | xix, 688 p. : |
| Other physical details | ill. ; |
| Dimensions | 24 cm. |
| 504 ## - BIBLIOGRAPHY, ETC. NOTE | |
| Bibliography, etc | Includes bibliographical references (p. 659-661) and index. |
| 650 #0 - SUBJECT ADDED ENTRY--TOPICAL TERM | |
| Topical term or geographic name as entry element | Economics, Mathematical. |
| 9 (RLIN) | 28311 |
| 700 1# - ADDED ENTRY--PERSONAL NAME | |
| Personal name | Wainwright, Kevin. |
| 9 (RLIN) | 28312 |
| 856 41 - ELECTRONIC LOCATION AND ACCESS | |
| Materials specified | Table of contents only |
| Uniform Resource Identifier | <a href="http://www.loc.gov/catdir/enhancements/fy0618/2004059546-t.html">http://www.loc.gov/catdir/enhancements/fy0618/2004059546-t.html</a> |
| 856 41 - ELECTRONIC LOCATION AND ACCESS | |
| Materials specified | Publisher description |
| Uniform Resource Identifier | <a href="http://www.loc.gov/catdir/enhancements/fy0632/2004059546-d.html">http://www.loc.gov/catdir/enhancements/fy0632/2004059546-d.html</a> |
| 942 ## - ADDED ENTRY ELEMENTS (KOHA) | |
| Item type | NB - Book (Non borrowing) |
| Call number prefix | 330.0151CHI |
| Source of classification or shelving scheme | Dewey Decimal Classification |
| Withdrawn status | Item status | Damaged status | Not for loan | Home library | Current library | Shelving location | Date acquired | Source of acquisition | Total Checkouts | Full call number | Barcode | Date last seen | Koha item type | Total Renewals | Date last borrowed |
|---|---|---|---|---|---|---|---|---|---|---|---|---|---|---|---|
| Central Library | Central Library | First floor | 31/10/2006 | Purchase | 330.0151 CHI | 000002850 | 15/07/2025 | NB - Book (Non borrowing) | |||||||
| Lost and Paid For | Central Library | Central Library | First floor | 31/10/2006 | Purchase | 4 | 330.0151 CHI | 000002836 | 07/02/2010 | Book - Borrowing | 2 | 07/02/2010 |